000 00289nam a22001337a 4500
008 170327b xxu||||| |||| 00| 0 eng d
020 _a9780781730556
041 _aeng
080 _28 ED
_a616.9
100 _a8
101 _aSHM
245 _aDIAGNOSTIC TEST
_cWALLACH.J
942 _2udc
_cBK
999 _c8666
_d8666